[Event "18sen.Bay.EM2006 Schney op"]
[Site "Schloss Schney (25.6.-3.7)"]
[Date "2006.06.26"]
[Round "2.48"]
[White "Schmidt, Wolfgang(38)"]
[Black "Ludwig, Karl-Heinz ProfDr"]
[Result "1-0"]
[WhiteElo "1627"]
[BlackElo "1157"]
[PlyCount "87"]
[EventDate "2006.07.??"]
[Source "Ganslmayer"]
[SourceDate "2012.12.20"]

1. d4 d5 2. c4 dxc4 3. e4 b5 4. a3 e6 5. Nc3 a6 6. Nf3 Nf6 7. Bg5 Bb7 8. Be2
Be7 9. e5 Ne4 10. Bxe7 Qxe7 11. Qc2 Nxc3 12. bxc3 O-O 13. O-O Nc6 14. Qd2 h6
15. h3 Na5 16. Qb2 Nb3 17. Ra2 f6 18. a4 c6 19. Bd1 c5 20. axb5 axb5 21. Rxa8
Rxa8 22. Bxb3 cxb3 23. Qxb3 Ba6 24. exf6 c4 25. Qc2 Qxf6 26. Qe4 Rb8 27. Qe3
Bb7 28. Ne5 Qe7 29. f4 Rf8 30. Ng6 Qf7 31. Nxf8 Qxf8 32. Qxe6+ Qf7 33. Qxf7+
Kxf7 34. Ra1 Kg6 35. Ra5 Kf5 36. Rxb5+ Kxf4 37. Rxb7 g5 38. Rc7 Ke4 39. Rxc4
Kd5 40. Rc8 h5 41. Kf2 Ke4 42. Rc5 Kd3 43. d5 g4 44. d6 1-0

[Event "18sen.Bay.EM2006 Schney op"]
[Site "Schloss Schney (25.6.-3.7)"]
[Date "2006.06.27"]
[Round "3.10"]
[White "Dohmel, Wolfgang(39)++"]
[Black "Muench, Klaus-Norbert Dr"]
[Result "0-1"]
[WhiteElo "1770"]
[BlackElo "2023"]
[PlyCount "45"]
[EventDate "2006.07.??"]
[Source "Ganslmayer"]
[SourceDate "2012.12.20"]

1. d4 Nf6 2. e3 c5 3. c3 d5 4. Bd3 Nc6 5. f4 Bg4 6. Nf3 e6 7. O-O Bd6 8. Qe1
O-O 9. Nbd2 cxd4 10. exd4 Bxf4 11. Ne5 Nxe5 12. dxe5 Bxd2 13. Bxd2 Ne4 14. Be3
f5 15. Bd4 b6 16. Qe3 Rc8 17. Rae1 Rc7 18. Bxe4 dxe4 19. Rf2 Bh5 20. Qg3 g5 21.
Be3 Rg7 22. Rd2 Qe7 23. h4 0-1

[Event "18sen.Bay.EM2006 Schney op"]
[Site "Schloss Schney (25.6.-3.7)"]
[Date "2006.06.27"]
[Round "3.22"]
[White "Erler, Klaus-Juergen"]
[Black "Ziegler, Werner(31)"]
[Result "1/2-1/2"]
[WhiteElo "1627"]
[BlackElo "1828"]
[PlyCount "50"]
[EventDate "2006.07.??"]
[Source "Ganslmayer"]
[SourceDate "2012.12.20"]

1. c4 Nf6 2. Nc3 e6 3. e4 d5 4. e5 Ne4 5. cxd5 exd5 6. Nxe4 dxe4 7. Qa4+ Bd7 8.
Qxe4 Bc6 9. Qg4 h5 10. Qg3 h4 11. Qh3 Nd7 12. e6 Ne5 13. f4 Ng6 14. exf7+ Kxf7
15. Bc4+ Ke8 16. Qe3+ Qe7 17. Nf3 Nxf4 18. O-O Qxe3+ 19. dxe3 Bd5 20. Bxd5 Nxd5
21. Bd2 Bd6 22. Rac1 c6 23. e4 Nf4 24. Bxf4 Bxf4 25. Rcd1 Rd8 1/2-1/2

[Event "18sen.Bay.EM2006 Schney op"]
[Site "Schloss Schney (25.6.-3.7)"]
[Date "2006.06.27"]
[Round "3.35"]
[White "Antusch, Ingrid++"]
[Black "Weczerek, Franz"]
[Result "1-0"]
[WhiteElo "1446"]
[BlackElo "1706"]
[PlyCount "85"]
[EventDate "2006.07.??"]
[Source "Ganslmayer"]
[SourceDate "2012.12.20"]

1. f4 e5 2. fxe5 d6 3. Nf3 dxe5 4. Nxe5 Qh4+ 5. g3 Qe4 6. Nf3 Bd6 7. Nc3 Qg4 8.
Rg1 Nc6 9. d3 Nd4 10. Be3 Nf5 11. Bf2 Bd7 12. Ne4 Bc6 13. Nxd6+ Nxd6 14. Ne5
Qb4+ 15. c3 Qxb2 16. Qc1 Qxc1+ 17. Rxc1 Bd5 18. c4 Be6 19. Bg2 c6 20. a4 Ne7
21. c5 Ndf5 22. Rb1 f6 23. Nf3 Rb8 24. g4 Nh6 25. h3 b6 26. cxb6 axb6 27. Rxb6
Kf7 28. a5 Nd5 29. Rxb8 Rxb8 30. Nd2 Nf4 31. Bb6 Nxg2+ 32. Rxg2 Kg8 33. Ne4 Nf7
34. Nc5 Bc8 35. e4 Ne5 36. Ra2 Ra8 37. a6 Nd7 38. Nxd7 Bxd7 39. a7 Bc8 40. Bc5
Kf7 41. Kd2 Ke6 42. Rb2 Kd7 43. Rb8 1-0

[Event "18sen.Bay.EM2006 Schney op"]
[Site "Schloss Schney (25.6.-3.7)"]
[Date "2006.06.27"]
[Round "3.36"]
[White "Mueller, Lothar(27)"]
[Black "Geisensetter, Kurt"]
[Result "0-1"]
[WhiteElo "1412"]
[BlackElo "1644"]
[PlyCount "50"]
[EventDate "2006.07.??"]
[Source "Ganslmayer"]
[SourceDate "2012.12.20"]

1. e4 d5 2. exd5 Nf6 3. Bb5+ Bd7 4. Bc4 Bg4 5. f3 Bc8 6. Nc3 Nbd7 7. Qe2 Nb6 8.
Bb5+ Bd7 9. a4 a6 10. Bxd7+ Qxd7 11. d6 Qxd6 12. a5 Nbd5 13. Nxd5 Nxd5 14. Ra3
Nf4 15. Qf2 Qg6 16. g3 Qxc2 17. Ne2 Nd3+ 18. Rxd3 Qxd3 19. Nf4 Qf5 20. O-O e6
21. d4 Bd6 22. Ng2 O-O 23. Bf4 Bxf4 24. Nxf4 Qxa5 25. Qe2 Qb6 0-1

[Event "18sen.Bay.EM2006 Schney op"]
[Site "Schloss Schney (25.6.-3.7)"]
[Date "2006.06.27"]
[Round "3.1"]
[White "Oechslein, Rainer"]
[Black "Schurig, Wilhelm"]
[Result "1-0"]
[WhiteElo "2176"]
[BlackElo "2023"]
[PlyCount "72"]
[EventDate "2006.07.??"]
[Source "Ganslmayer"]
[SourceDate "2012.12.20"]

1. e4 g6 2. d4 Bg7 3. c4 d6 4. Nc3 Nc6 5. Be3 e5 6. Nge2 exd4 7. Nxd4 Nge7 8.
Be2 O-O 9. O-O f5 10. Qd2 Kh8 11. Nxc6 bxc6 12. Rae1 Be6 13. Bg5 Qd7 14. b3 Ng8
15. Bd3 h6 16. Be3 f4 17. Bxf4 Rxf4 18. Qxf4 Bxc3 19. Rd1 Be5 20. Qe3 c5 21.
Kh1 g5 22. Be2 Rf8 23. f3 Qf7 24. g3 Bxg3 25. hxg3 Qh5+ 26. Kg1 Nf6 27. e5 Qh3
28. f4 gxf4 29. Rxf4 Rg8 30. Rd3 Bf5 31. Rxf5 Qxf5 32. exf6 Qxf6 33. Kg2 Qg6
34. Rd5 Re8 35. Qc3+ Kg8 36. Bf3 h5 1-0

[Event "18sen.Bay.EM2006 Schney op"]
[Site "Schloss Schney (25.6.-3.7)"]
[Date "2006.06.27"]
[Round "3.2"]
[White "Walkewitz, Hubert"]
[Black "Jaenig, Reinhard"]
[Result "1/2-1/2"]
[WhiteElo "2182"]
[BlackElo "2021"]
[PlyCount "74"]
[EventDate "2006.07.??"]
[Source "Ganslmayer"]
[SourceDate "2012.12.20"]

1. d4 d5 2. Nf3 c6 3. Bf4 Bf5 4. e3 e6 5. Be2 Bd6 6. Bg3 h6 7. O-O Bxg3 8. hxg3
Nf6 9. c4 O-O 10. Nc3 Nbd7 11. c5 Qc7 12. b4 e5 13. b5 exd4 14. exd4 Rfe8 15.
Bd3 Bxd3 16. Qxd3 Ne4 17. a4 Qa5 18. Rfc1 Nxc3 19. Qxc3 Qc7 20. Re1 Nf8 21. Re3
Re4 22. Rxe4 dxe4 23. Ne5 Rd8 24. bxc6 bxc6 25. Nc4 Rd5 26. Re1 Ne6 27. Rxe4
Qd8 28. Nd6 Qf6 29. Qa5 Rxd4 30. Re1 Rd5 31. Qxa7 Nxc5 32. Nc8 Kh7 33. Ne7 Re5
34. Rxe5 Qxe5 35. Nxc6 Qd5 36. Ne7 Qd1+ 37. Kh2 Qh5+ 1/2-1/2

[Event "18sen.Bay.EM2006 Schney op"]
[Site "Schloss Schney (25.6.-3.7)"]
[Date "2006.06.27"]
[Round "3.3"]
[White "Schmidt, Gerhard(40)"]
[Black "Hamm, Georg Dr"]
[Result "1-0"]
[WhiteElo "2139"]
[BlackElo "1950"]
[PlyCount "85"]
[EventDate "2006.07.??"]
[Source "Ganslmayer"]
[SourceDate "2012.12.20"]

1. d4 d6 2. c4 e5 3. e3 Nd7 4. Nc3 g6 5. Nf3 Bg7 6. b3 Ne7 7. Bb2 O-O 8. Be2 h6
9. Qd2 exd4 10. Nxd4 Nc5 11. O-O Nf5 12. Rad1 Nxd4 13. exd4 Nd7 14. Bf3 Nf6 15.
Qf4 a6 16. Rfe1 Rb8 17. Ba3 g5 18. Qc1 Bf5 19. c5 Qd7 20. Na4 Bg4 21. Bxg4 Nxg4
22. cxd6 cxd6 23. Nb6 Qb5 24. Nc4 Rfd8 25. Bxd6 Rbc8 26. h3 Nf6 27. Be5 Nd5 28.
Bxg7 Kxg7 29. Qd2 Nf4 30. Qe3 Re8 31. Qf3 Qb4 32. Rxe8 Rxe8 33. d5 Re1+ 34.
Rxe1 Qxe1+ 35. Kh2 Ne2 36. h4 Qg1+ 37. Kh3 Nf4+ 38. Kg4 f6 39. hxg5 hxg5 40.
Ne3 Kh6 41. Qe4 Nh5 42. Qf3 Ng7 43. Qxf6+ 1-0

[Event "18sen.Bay.EM2006 Schney op"]
[Site "Schloss Schney (25.6.-3.7)"]
[Date "2006.06.27"]
[Round "3.4"]
[White "Geisensetter, Franz"]
[Black "Wimmer, Herbert"]
[Result "1/2-1/2"]
[WhiteElo "1992"]
[BlackElo "2114"]
[PlyCount "31"]
[EventDate "2006.07.??"]
[Source "Ganslmayer"]
[SourceDate "2012.12.20"]

1. e4 e5 2. Nf3 Nc6 3. d4 exd4 4. Bc4 Nf6 5. O-O Nxe4 6. Re1 d5 7. Bxd5 Qxd5 8.
Nc3 Qa5 9. Nxe4 Be6 10. Neg5 O-O-O 11. Nxe6 fxe6 12. Rxe6 Bd6 13. Bg5 Rdf8 14.
Bh4 Qb4 15. Rb1 Qc4 16. Re4 1/2-1/2

[Event "18sen.Bay.EM2006 Schney op"]
[Site "Schloss Schney (25.6.-3.7)"]
[Date "2006.06.27"]
[Round "3.5"]
[White "Fischer, Gerd(41)"]
[Black "Pietruske, Siegfried"]
[Result "1-0"]
[WhiteElo "2092"]
[BlackElo "1819"]
[PlyCount "43"]
[EventDate "2006.07.??"]
[Source "Ganslmayer"]
[SourceDate "2012.12.20"]

1. e4 e5 2. Nf3 Nc6 3. Bb5 a6 4. Ba4 d6 5. d4 Bd7 6. O-O g6 7. c4 Bg7 8. Bxc6
Bxc6 9. Nc3 Qe7 10. Re1 f6 11. Be3 Nh6 12. h3 Qf7 13. c5 O-O 14. d5 Bd7 15. Qb3
dxc5 16. Qxb7 Rfb8 17. Qxc7 Rxb2 18. Rab1 Rxb1 19. Rxb1 Bf8 20. Rb7 Bb5 21. Qb6
Qe8 22. Qxf6 1-0

[Event "18sen.Bay.EM2006 Schney op"]
[Site "Schloss Schney (25.6.-3.7)"]
[Date "2006.06.27"]
[Round "3.6"]
[White "Hein, Manfred(36)"]
[Black "Schulz, Wolfgang(32)"]
[Result "1-0"]
[WhiteElo "2021"]
[BlackElo "2035"]
[PlyCount "103"]
[EventDate "2006.07.??"]
[Source "Ganslmayer"]
[SourceDate "2012.12.20"]

1. e4 e5 2. Nf3 Nc6 3. Bb5 a6 4. Bxc6 dxc6 5. d4 exd4 6. Qxd4 Bg4 7. Be3 Bxf3
8. Qxd8+ Rxd8 9. gxf3 Nf6 10. Nd2 Bd6 11. O-O Nh5 12. Rad1 Bf4 13. Nb3 O-O 14.
Nc5 g5 15. b3 b6 16. Nxa6 Ra8 17. Nb4 c5 18. Nd5 Rxa2 19. Rd2 Ra7 20. Rfd1 Rfa8
21. Kg2 Ra1 22. Kh3 Rxd1 23. Rxd1 Kg7 24. Bxf4 Nxf4+ 25. Nxf4 gxf4 26. Kg4 Ra2
27. Rd2 b5 28. Kxf4 c4 29. bxc4 bxc4 30. Ke3 c3 31. Re2 Ra1 32. f4 Rd1 33. f5
Kf6 34. Kf4 Rd2 35. e5+ Ke7 36. Kf3 Rd5 37. Ke4 Rd2 38. Ke3 Rd5 39. f4 c5 40.
Kf3 f6 41. Re3 h5 42. Rxc3 fxe5 43. Rd3 Rd4 44. fxe5 Rc4 45. Rd2 Rg4 46. Rg2
Rh4 47. Rg7+ Kf8 48. f6 Rh3+ 49. Ke4 Rxh2 50. c4 Re2+ 51. Kd5 Rf2 52. Rh7 1-0

[Event "18sen.Bay.EM2006 Schney op"]
[Site "Schloss Schney (25.6.-3.7)"]
[Date "2006.06.27"]
[Round "3.7"]
[White "Romanow, Werner"]
[Black "Scheipl, Ralf"]
[Result "0-1"]
[WhiteElo "1966"]
[BlackElo "2184"]
[PlyCount "78"]
[EventDate "2006.07.??"]
[Source "Ganslmayer"]
[SourceDate "2012.12.20"]

1. c4 Nf6 2. Nc3 e5 3. g3 d5 4. cxd5 Nxd5 5. Bg2 Nb6 6. Nf3 Nc6 7. O-O Be7 8.
d3 Be6 9. a3 O-O 10. b4 f6 11. Be3 Nd4 12. Nd2 c6 13. Re1 a5 14. b5 Nxb5 15.
Nxb5 cxb5 16. Bxb7 Rb8 17. Bg2 Nd5 18. Nf1 Nxe3 19. Nxe3 Qd4 20. Qd2 b4 21. Nc2
Qc5 22. axb4 axb4 23. Rec1 b3 24. Ra5 Qb6 25. Bd5 bxc2 26. Bxe6+ Qxe6 27. Qxc2
Rbc8 28. Qd1 Rxc1 29. Qxc1 Rc8 30. Qd1 h6 31. Qa1 Bc5 32. Ra8 Rxa8 33. Qxa8+
Kh7 34. Kg2 f5 35. Qa5 Qd5+ 36. f3 Qd4 37. Qc7 Qf2+ 38. Kh3 Qf1+ 39. Kh4 Qxe2
0-1

[Event "18sen.Bay.EM2006 Schney op"]
[Site "Schloss Schney (25.6.-3.7)"]
[Date "2006.06.27"]
[Round "3.8"]
[White "Stadler, Lothar"]
[Black "Goy, Udo"]
[Result "0-1"]
[WhiteElo "1790"]
[BlackElo "2107"]
[PlyCount "78"]
[EventDate "2006.07.??"]
[Source "Ganslmayer"]
[SourceDate "2012.12.20"]

1. c4 Nf6 2. Nc3 g6 3. Nf3 Bg7 4. e3 O-O 5. Be2 d6 6. O-O e5 7. d4 Nbd7 8. Qc2
c6 9. b3 Re8 10. Ba3 Bf8 11. Rad1 e4 12. Ne1 Qa5 13. Bc1 Bg7 14. d5 c5 15. Bd2
Qd8 16. a3 a6 17. a4 Qe7 18. Qb1 h5 19. h3 Nh7 20. f4 exf3 21. Rxf3 Ng5 22. Qc1
Nxf3+ 23. Nxf3 f5 24. Re1 Ne5 25. e4 Bd7 26. Ng5 Rf8 27. Nd1 fxe4 28. Nxe4 Bf5
29. Ndf2 Nf7 30. Bd1 Bd4 31. Bc2 Bxe4 32. Rxe4 Ne5 33. Be3 Qf7 34. Bxd4 cxd4
35. Qd2 d3 36. Nxd3 Rae8 37. Nf4 Qf6 38. Rd4 Qg5 39. b4 Nf3+ 0-1

[Event "18sen.Bay.EM2006 Schney op"]
[Site "Schloss Schney (25.6.-3.7)"]
[Date "2006.06.27"]
[Round "3.9"]
[White "Walther, Diethelm"]
[Black "Reichwald, Klaus"]
[Result "1-0"]
[WhiteElo "2036"]
[BlackElo "1749"]
[PlyCount "45"]
[EventDate "2006.07.??"]
[Source "Ganslmayer"]
[SourceDate "2012.12.20"]

1. d4 Nf6 2. Bg5 e6 3. e4 Be7 4. Bxf6 Bxf6 5. f4 d5 6. e5 Be7 7. Bd3 c5 8. c3
Nc6 9. Nf3 Bd7 10. b3 Qb6 11. Bc2 cxd4 12. cxd4 Bb4+ 13. Kf2 Rc8 14. Kg3 Be7
15. a3 f5 16. Qd3 Bxa3 17. Nxa3 Nb4 18. Qd2 O-O 19. Rhc1 Nxc2 20. Rxc2 Qxb3 21.
Rb2 Qc3 22. Qxc3 Rxc3 23. Rxb7 1-0

[Event "18sen.Bay.EM2006 Schney op"]
[Site "Schloss Schney (25.6.-3.7)"]
[Date "2006.06.27"]
[Round "3.11"]
[White "Fels, Karl-Heinz"]
[Black "Rost van Tonningen, Otto"]
[Result "1/2-1/2"]
[WhiteElo "1766"]
[BlackElo "1958"]
[PlyCount "75"]
[EventDate "2006.07.??"]
[Source "Ganslmayer"]
[SourceDate "2012.12.20"]

1. e4 d6 2. d4 Nf6 3. Nc3 Nbd7 4. Nf3 e5 5. Bc4 Be7 6. O-O h6 7. h3 c6 8. a4 a5
9. Be3 Qc7 10. Qd2 Nf8 11. Rfd1 g5 12. dxe5 dxe5 13. g4 Ng6 14. Kg2 Nf4+ 15.
Bxf4 gxf4 16. Rg1 Rg8 17. Kh2 Bxg4 18. hxg4 Nxg4+ 19. Kh1 Bc5 20. Raf1 Rd8 21.
Qe2 Qe7 22. Rg2 h5 23. Kg1 Rd6 24. Nd1 Rdg6 25. Kh1 Qf6 26. Rfg1 h4 27. Nh2
Nxh2 28. Rxg6 Rxg6 29. Rxg6 fxg6 30. Kxh2 f3 31. Qd2 g5 32. Qxa5 Qf4+ 33. Kh1
b6 34. Qa8+ Kd7 35. Qb7+ Kd6 36. Qb8+ Kd7 37. Qb7+ Kd6 38. Qb8+ 1/2-1/2

[Event "18sen.Bay.EM2006 Schney op"]
[Site "Schloss Schney (25.6.-3.7)"]
[Date "2006.06.27"]
[Round "3.12"]
[White "Porkristl, Werner"]
[Black "Kraft, Hans(32)"]
[Result "0-1"]
[WhiteElo "1635"]
[BlackElo "1981"]
[PlyCount "64"]
[EventDate "2006.07.??"]
[Source "Ganslmayer"]
[SourceDate "2012.12.20"]

1. e4 c5 2. Nf3 Nc6 3. Be2 Nf6 4. Nc3 d6 5. O-O g6 6. d3 Bg7 7. Bd2 e5 8. Qc1
h6 9. h3 Be6 10. a3 a6 11. Re1 Rc8 12. Nd1 d5 13. exd5 Nxd5 14. Ne3 Nf4 15. Bf1
g5 16. Nc4 Ng6 17. Bc3 f6 18. Ne3 Qd7 19. Qd1 h5 20. Nh2 Nf4 21. g4 Nd4 22. f3
hxg4 23. fxg4 Nxh3+ 24. Bxh3 Rxh3 25. Kg2 Rh7 26. Rh1 Kf7 27. Qg1 Rch8 28. Qf2
Qc6+ 29. Nf3 Nxf3 30. Rxh7 Rxh7 31. Qxf3 Rh2+ 32. Kg3 Rh3+ 0-1

[Event "18sen.Bay.EM2006 Schney op"]
[Site "Schloss Schney (25.6.-3.7)"]
[Date "2006.06.27"]
[Round "3.13"]
[White "Fritsch, Wolfgang(36)"]
[Black "Anliker, Peter"]
[Result "1/2-1/2"]
[WhiteElo "1729"]
[BlackElo "1947"]
[PlyCount "54"]
[EventDate "2006.07.??"]
[Source "Ganslmayer"]
[SourceDate "2012.12.20"]

1. e4 c5 2. Nf3 d6 3. d4 cxd4 4. Nxd4 Nf6 5. Nc3 a6 6. Be2 e6 7. Be3 Be7 8. O-O
O-O 9. Qd2 Qc7 10. f3 Nc6 11. Nxc6 Qxc6 12. Rac1 b5 13. Nb1 d5 14. exd5 Nxd5
15. Bf2 Bc5 16. Bxc5 Qxc5+ 17. Kh1 Bb7 18. Bd3 Qb4 19. c3 Qe7 20. Be4 Rfd8 21.
Qf2 Rac8 22. Rfe1 Nf6 23. Bxb7 Qxb7 24. Rcd1 Qc7 25. Qe2 h6 26. Rxd8+ Rxd8 27.
Rd1 Rd5 1/2-1/2

[Event "18sen.Bay.EM2006 Schney op"]
[Site "Schloss Schney (25.6.-3.7)"]
[Date "2006.06.27"]
[Round "3.14"]
[White "Mueller, Helmut(05.35)++"]
[Black "Wolf, Reinhard(37)"]
[Result "1/2-1/2"]
[WhiteElo "1850"]
[BlackElo "1698"]
[PlyCount "103"]
[EventDate "2006.07.??"]
[Source "Ganslmayer"]
[SourceDate "2012.12.20"]

1. d4 Nf6 2. c4 e6 3. Nc3 Bb4 4. Qc2 d5 5. e3 O-O 6. Nf3 c5 7. Bd2 Nc6 8. dxc5
Bxc5 9. a3 Be7 10. Be2 a6 11. O-O dxc4 12. Bxc4 b5 13. Be2 Bb7 14. Rfd1 Rc8 15.
Rac1 Qb6 16. b4 h6 17. Qb3 Rfd8 18. e4 Ng4 19. Be1 Nce5 20. Nxe5 Nxe5 21. Rxd8+
Rxd8 22. Rd1 Rd4 23. Rxd4 Qxd4 24. Qc2 Nc4 25. Bxc4 Qxc4 26. f3 Bf6 27. Qe2 Qc7
28. Nd1 Qc1 29. e5 Bxe5 30. Qxe5 Qxd1 31. Kf2 Bd5 32. Qc3 Bc4 33. Qd2 Qa1 34.
Qc3 Qxc3 35. Bxc3 f6 36. Ke3 e5 37. g3 Kf7 38. f4 Ke6 39. fxe5 fxe5 40. h4 g6
41. Ke4 Bd5+ 42. Ke3 Kf5 43. Bb2 Bc4 44. Bc3 e4 45. Kd4 Bd3 46. Bd2 g5 47. hxg5
hxg5 48. Bc1 Kg4 49. Bd2 Kxg3 50. Bxg5 Kf3 51. Bh6 Ke2 52. Bg5 1/2-1/2

[Event "18sen.Bay.EM2006 Schney op"]
[Site "Schloss Schney (25.6.-3.7)"]
[Date "2006.06.27"]
[Round "3.15"]
[White "Schmidt, Walter(43)"]
[Black "Gerdes, Hans"]
[Result "1-0"]
[WhiteElo "1881"]
[BlackElo "1692"]
[PlyCount "75"]
[EventDate "2006.07.??"]
[Source "Ganslmayer"]
[SourceDate "2012.12.20"]

1. e4 e6 2. d4 d5 3. e5 f5 4. Nf3 Be7 5. Bd3 Nd7 6. Be3 c5 7. c3 c4 8. Bc2 b5
9. Nbd2 Nb6 10. b4 a5 11. bxa5 Rxa5 12. O-O Bd7 13. Ne1 Qa8 14. g4 g6 15. gxf5
exf5 16. Ng2 Ra3 17. Nf4 Rxa2 18. Rxa2 Qxa2 19. Bb1 Qb2 20. Qf3 Bc6 21. Bxf5
gxf5 22. Qh5+ Kd8 23. Ne6+ Kd7 24. Qf7 Nh6 25. Bxh6 Qxc3 26. Qxf5 Rg8+ 27. Ng7+
Kd8 28. Kh1 Rxg7 29. Bxg7 Qxd2 30. e6 c3 31. Qe5 c2 32. Qb8+ Nc8 33. Be5 Qa5
34. Rg1 Be8 35. Rc1 Bg6 36. Qb7 Be4+ 37. Kg1 Ke8 38. Bc7 1-0

[Event "18sen.Bay.EM2006 Schney op"]
[Site "Schloss Schney (25.6.-3.7)"]
[Date "2006.06.27"]
[Round "3.16"]
[White "Reimann, Guenther(43)"]
[Black "Mahrla, Hans Dr"]
[Result "1/2-1/2"]
[WhiteElo "1870"]
[BlackElo "1678"]
[PlyCount "95"]
[EventDate "2006.07.??"]
[Source "Ganslmayer"]
[SourceDate "2012.12.20"]

1. c4 Nf6 2. Nf3 e6 3. d3 b6 4. g3 Bb7 5. Bg2 d5 6. Nbd2 Bd6 7. O-O O-O 8. a3
c5 9. e3 Nc6 10. Qc2 Qc7 11. Re1 Rfe8 12. b3 Rad8 13. Bb2 d4 14. exd4 cxd4 15.
b4 e5 16. Ng5 h6 17. Nge4 Nxe4 18. Nxe4 Be7 19. Nd2 Bf6 20. Qd1 Ne7 21. Ne4 Ng6
22. Nxf6+ gxf6 23. h4 Bxg2 24. Kxg2 Qc6+ 25. Qf3 Qe6 26. Bc1 Kg7 27. Bd2 f5 28.
h5 Ne7 29. Re2 Kh7 30. Rae1 f6 31. b5 Rg8 32. Rg1 Rg4 33. Kf1 Rdg8 34. Qb7 R8g7
35. Qa8 Qd6 36. Bb4 Qc7 37. Qf3 f4 38. Qe4+ Kh8 39. Bxe7 Qxe7 40. Qf5 fxg3 41.
fxg3 R4g5 42. Qf3 Qe6 43. Reg2 Qd6 44. a4 f5 45. Rf2 Qa3 46. Qd1 f4 47. g4 Qe7
48. Qf3 1/2-1/2

[Event "18sen.Bay.EM2006 Schney op"]
[Site "Schloss Schney (25.6.-3.7)"]
[Date "2006.06.27"]
[Round "3.17"]
[White "Paulsen, Eckart"]
[Black "Petzold, Hans ProfDr(36)"]
[Result "0-1"]
[WhiteElo "1646"]
[BlackElo "2023"]
[PlyCount "66"]
[EventDate "2006.07.??"]
[Source "Ganslmayer"]
[SourceDate "2012.12.20"]

1. f4 e5 2. fxe5 d6 3. exd6 Bxd6 4. Nf3 Bg4 5. e4 Qe7 6. Nc3 Nf6 7. d3 c6 8.
Be2 Qc7 9. Nd4 Bxe2 10. Qxe2 Bxh2 11. Be3 Bg3+ 12. Bf2 Bf4 13. Be3 Nbd7 14.
Bxf4 Qxf4 15. Qf3 Qc7 16. O-O-O O-O-O 17. Rdf1 Kb8 18. Nb3 Ne5 19. Qe2 c5 20.
Rxf6 gxf6 21. Nd5 Qc6 22. Qf2 b6 23. Qf4 Rd6 24. Rh6 Re8 25. Nxf6 Ree6 26. Rxh7
Ng6 27. Qg5 Rxf6 28. e5 Rf1+ 29. Kd2 Re6 30. Qd8+ Qc8 31. Qd5 Rxe5 32. Qc4 Rf4
33. Qb5 Rb4 0-1

[Event "18sen.Bay.EM2006 Schney op"]
[Site "Schloss Schney (25.6.-3.7)"]
[Date "2006.06.27"]
[Round "3.18"]
[White "Kahn, Peter"]
[Black "Baessler, Arwed"]
[Result "1-0"]
[WhiteElo "2023"]
[BlackElo "1751"]
[PlyCount "92"]
[EventDate "2006.07.??"]
[Source "Ganslmayer"]
[SourceDate "2012.12.20"]

1. d4 d5 2. Nf3 Nf6 3. e3 e6 4. Bd3 c5 5. c3 Nc6 6. Nbd2 b6 7. O-O Be7 8. Qe2
Bb7 9. Ne5 Qc7 10. f4 g6 11. Qf3 O-O 12. g4 Kg7 13. g5 Ne8 14. Qg2 Nd6 15. Rf3
Nxe5 16. fxe5 Nf5 17. Rh3 Qd8 18. Nf3 Rh8 19. Bd2 Qd7 20. Re1 Rag8 21. Qe2 Kf8
22. e4 dxe4 23. Bxe4 cxd4 24. Qd3 Bc8 25. Nxd4 Qa4 26. a3 Bc5 27. Be3 Ba6 28.
Qc2 Qxc2 29. Nxc2 Nxe3 30. Nxe3 Be7 31. Rg3 h6 32. Ng4 hxg5 33. Nf6 Bc5+ 34.
Kg2 Rh5 35. Bf3 Rh4 36. Nxg8 Kxg8 37. Rxg5 Bd3 38. Rg4 Rh6 39. Be4 Bc4 40. Rd1
Kg7 41. Rd7 a6 42. Rf4 Rh5 43. Rfxf7+ Kh6 44. Rh7+ Kg5 45. Rxh5+ gxh5 46. Kf3
Bg1 1-0

[Event "18sen.Bay.EM2006 Schney op"]
[Site "Schloss Schney (25.6.-3.7)"]
[Date "2006.06.27"]
[Round "3.19"]
[White "Winkler, Karl-Heinz(32)"]
[Black "Reer, Erdmann"]
[Result "1/2-1/2"]
[WhiteElo "1702"]
[BlackElo "1884"]
[PlyCount "63"]
[EventDate "2006.07.??"]
[Source "Ganslmayer"]
[SourceDate "2012.12.20"]

1. Nc3 d5 2. d4 Nf6 3. Nf3 c6 4. h3 h6 5. e3 Bf5 6. Bd3 Bxd3 7. Qxd3 Nbd7 8. e4
dxe4 9. Nxe4 e6 10. Be3 Be7 11. c3 Qc7 12. Qc2 Nxe4 13. Qxe4 Nf6 14. Qc2 Bd6
15. c4 O-O 16. a3 Bf4 17. Qc1 Bxe3 18. Qxe3 Rad8 19. O-O-O b5 20. Ne5 bxc4 21.
Nxc4 Nd5 22. Qe5 Qe7 23. h4 c5 24. f4 cxd4 25. Rxd4 Nb6 26. Nxb6 axb6 27. Kb1
Qb7 28. Rg1 Rd7 29. Rxd7 Qxd7 30. Qe2 Rd8 31. g4 b5 32. Rf1 1/2-1/2

[Event "18sen.Bay.EM2006 Schney op"]
[Site "Schloss Schney (25.6.-3.7)"]
[Date "2006.06.27"]
[Round "3.20"]
[White "Scheuerlein, Gerhard"]
[Black "Kunath, Werner"]
[Result "0-1"]
[WhiteElo "1684"]
[BlackElo "1896"]
[PlyCount "46"]
[EventDate "2006.07.??"]
[Source "Ganslmayer"]
[SourceDate "2012.12.20"]

1. Nf3 Nf6 2. c4 e6 3. g3 d5 4. cxd5 exd5 5. Bg2 Bd6 6. O-O O-O 7. d4 Re8 8.
Nc3 c6 9. Re1 h6 10. Qd3 Ne4 11. Nd2 f5 12. f3 Nxg3 13. hxg3 Bxg3 14. Rf1 Qh4
15. Rf2 Bxf2+ 16. Kf1 Be3 17. Nd1 f4 18. Nb3 Qg5 19. Bxe3 fxe3 20. Qc2 Bf5 21.
Qc3 Nd7 22. Nc5 Nxc5 23. Qxc5 Re6 0-1

[Event "18sen.Bay.EM2006 Schney op"]
[Site "Schloss Schney (25.6.-3.7)"]
[Date "2006.06.27"]
[Round "3.21"]
[White "Alefs, Heinz"]
[Black "Leuschner, Guenter"]
[Result "0-1"]
[WhiteElo "1643"]
[BlackElo "1830"]
[PlyCount "76"]
[EventDate "2006.07.??"]
[Source "Ganslmayer"]
[SourceDate "2012.12.20"]

1. d4 Nf6 2. Nf3 e6 3. e3 Be7 4. Bd3 d5 5. Nbd2 O-O 6. O-O b6 7. Ne5 Bb7 8. f4
c5 9. c3 Nbd7 10. Ndf3 Ne4 11. Nxd7 Qxd7 12. Ne5 Qe8 13. f5 f6 14. Bxe4 dxe4
15. Nc4 exf5 16. Rxf5 Qd7 17. Rf2 Qd5 18. b3 Rad8 19. Ba3 Ba6 20. Nd2 Bd3 21.
c4 Qg5 22. Rf4 Bd6 23. Nxe4 Bxe4 24. Rxe4 f5 25. Re6 f4 26. Qc2 fxe3 27. Rf1
Bxh2+ 28. Kxh2 Rxf1 29. Qe4 h5 30. Rg6 Qf4+ 31. Qxf4 Rxf4 32. dxc5 bxc5 33. Bb2
Rd7 34. Re6 Rf2 35. Bc3 Rd3 36. Ba5 Rxa2 37. b4 Rb3 38. bxc5 Rxa5 0-1

[Event "18sen.Bay.EM2006 Schney op"]
[Site "Schloss Schney (25.6.-3.7)"]
[Date "2006.06.27"]
[Round "3.23"]
[White "Krafzik, Joachim"]
[Black "Klinger, Rudolf++"]
[Result "1-0"]
[WhiteElo "1841"]
[BlackElo "2114"]
[PlyCount "69"]
[EventDate "2006.07.??"]
[Source "Ganslmayer"]
[SourceDate "2012.12.20"]

1. b4 e5 2. Bb2 Bxb4 3. Bxe5 Nf6 4. Nf3 Nc6 5. Bb2 d5 6. e3 O-O 7. c4 Bg4 8.
cxd5 Nxd5 9. Be2 Bd6 10. O-O Qe7 11. d4 Rad8 12. Nbd2 Rfe8 13. Nc4 Nf4 14. Nxd6
Nxe2+ 15. Qxe2 Rxd6 16. h3 Bh5 17. g4 Bg6 18. Ba3 h5 19. Bxd6 Qxd6 20. Qb5 hxg4
21. hxg4 Be4 22. Nh2 Nb4 23. Qc5 Qh6 24. Qxb4 Qh3 25. f3 Qg3+ 26. Kh1 Bc6 27.
Qd2 Re6 28. e4 Rh6 29. Qf2 Qf4 30. Rg1 Bxe4 31. Rg3 Rc6 32. Re1 Rc1 33. Rxc1
Qxc1+ 34. Qg1 Qxg1+ 35. Rxg1 1-0